000 01047nam a2200313 4500
003 EG-GICUC
005 20260429133735.0
008 260429s1957 fr ||||fr|||| 00| 0 fre d
040 _aEG-GiCUC
_bfre
_cEG-GiCUC
_dEG-GiCUC
_eRda
041 _afre
_hfre
082 0 4 _221
_a341.851
_bLA . R
092 0 4 _221
099 _aLaw 12 341.851 LA . R 1957
100 1 _aLapradelle, Albert de
_eAuteur
245 1 0 _aRecueil des arbitrages internationaux /
_cPar A. de La Pradelle et N. Politis.
264 1 _aParis;
_bLes Éditions Internationales,
_c1957.
300 _a1051 page :
_billustration ;
_c 24 cm.
336 _2rda contenu
_a texte
337 _2rda medias
_aOrdinateur
338 _2 transporteur rda
_a Ressource en ligne
504 _aBibliography: pages 200-250. 240-220
546 _aTexte en français
650 1 _aDroit international public
_2qrmak
651 1 _2qrmak
700 1 _aPolitis, Nikolaos
_eAuteur
856 4 0 _uhttps://fll.law.cu.edu.eg/fulltext/bks/B12-02810.pdf
905 _a31
942 _2ddc
_n0
_cBK
_e21
999 _c74218
_d74218